000 00671nam a22002297a 4500
999 _c10840
_d10840
003 AR-CdUCM
008 190402b ||||| |||| 00| 0 spa d
040 _aMUNICIPALIDAD PROVINCIAL DEL CUSCO
_cBIBLIOTECA MUNICIPAL DEL CUSCO
041 _h84-305-0155-X
082 _aEP / 372.64 /
_bW57
100 _aWilde, Oscar
_91401
245 _aEl principio feliz /
260 _aMadrid :
_bSusaeta,
_c1970.
300 _bIlustraciones,
_c27 cm.
440 _aColecciones Esmeralda
_927836
500 _aLibro sin numeración
505 _aContenido : Cuento /
650 _aEducación primaria
_91561
650 _aCuento
_94671
942 _2ddc
_cLIBROS
945 _arjall